| 000 | 00432nam a2200133Ia 4500 | ||
|---|---|---|---|
| 005 | 20210429153916.0 | ||
| 008 | 210429s9999 xx 000 0 und d | ||
| 082 | _aMTL-MS SH/MI | ||
| 100 |
_aTauheed Shehbaz _954751 |
||
| 245 | _aSynthesis Post-Depostion Treatment and Characterization of Nickel Phosphrus Thin Films Using Electroless Deposition Technique | ||
| 260 |
_aIslamabad _bSCME _c2009 |
||
| 300 | _a72P | ||
| 942 |
_2ddc _cREF |
||
| 999 |
_c561129 _d561129 |
||